Concepts of genetics (Record no. 1208304)

MARC details
000 -LEADER
fixed length control field 01117nam a2200313Ia 4500
003 - CONTROL NUMBER IDENTIFIER
control field OSt
005 - DATE AND TIME OF LATEST TRANSACTION
control field 20221007121013.0
008 - FIXED-LENGTH DATA ELEMENTS--GENERAL INFORMATION
fixed length control field 221006b |||||||| |||| 00| 0 eng d
020 ## - INTERNATIONAL STANDARD BOOK NUMBER
International Standard Book Number 9780321540980 (pbk)
037 ## - SOURCE OF ACQUISITION
Terms of availability Textbook
040 ## - CATALOGING SOURCE
Original cataloging agency BDL
Transcribing agency BDL
Language of cataloging eng
041 ## - LANGUAGE CODE
Source of code eng
Language code of text/sound track or separate title eng
100 ## - MAIN ENTRY--PERSONAL NAME
Personal name Klug William S
245 #0 - TITLE STATEMENT
Title Concepts of genetics
Remainder of title Cummings Michael R Spencer Charlotte A Palladino Michael A
250 ## - EDITION STATEMENT
Edition statement 9
260 ## - PUBLICATION, DISTRIBUTION, ETC.
Place of publication, distribution, etc. San
Name of publisher, distributor, etc. Francisco Benjamin Cummings
Date of publication, distribution, etc. 2009
300 ## - PHYSICAL DESCRIPTION
Extent xxx, 779p.
Dimensions cm.
500 ## - GENERAL NOTE
General note Appendix A-C, A-1-A-66p.; Index I-1-I-16p.
650 ## - SUBJECT ADDED ENTRY--TOPICAL TERM
Topical term or geographic name entry element Genetics-concepts
9 (RLIN) 710462
700 ## - ADDED ENTRY--PERSONAL NAME
Personal name Cummings Michael R
9 (RLIN) 421078
700 ## - ADDED ENTRY--PERSONAL NAME
Personal name Palladino Michael A
700 ## - ADDED ENTRY--PERSONAL NAME
Personal name Spencer Charlotte A
942 ## - ADDED ENTRY ELEMENTS (KOHA)
Classification part G:6, N7;P9;1 Carb
Koha item type Textbook
Source of classification or shelving scheme Colon Classification (CC)
Holdings
Withdrawn status Lost status Source of classification or shelving scheme Damaged status Not for loan Home library Current library Date acquired Source of acquisition Total Checkouts Full call number Barcode Date last seen Price effective from Koha item type
    Colon Classification (CC)     Department of Botany Library Department of Botany Library 2022-10-07 941, 05/08/2009, Zenith Publishers & Distributors   G:6 N7;P9;1 Carb BD0005364 2022-10-07 2022-10-07 Textbook
Copyright @ Delhi University Library System